000 00735nam a2200241 a 4500
001 000023130
003 DO-SdBNP
005 20250708093827.0
008 101126s1998 nyua 001 0 spa d
020 _a0028253396
040 _aDO-SdBNP
_bspa
_cBNPHU
049 _aBNGR
082 _a512
_bA394
245 0 0 _aÁlgebra 1 :
_bintegración, aplicaciones, conexiones.
260 _aNew York :
_bGlencoe/McGraw-Hill,
_c1998.
300 _axviii, 862 p. :
_bil. ;
_c28 cm.
500 _aIncluye índice de aplicaciones y conexiones.
500 _aIncluye glosario en inglés y otro en español.
650 0 _aÁlgebra
_925976
650 7 _aÁlgebra
_xProblemas, ejercicios, ectc.
_925976
_2LEMB
910 _aWM
942 _2ddc
_cLBS1
999 _c22627
_d22627